Barcelona Full Squad Quiz 2018/19 - Statistics

General Stats
  • This quiz has been taken 202 times
  • The average score is 18 of 24
Answer Stats
Number Answer Position Nationality % Correct
1 Marc-Andre Ter Stegen GK Germany
99%
3 Gerard Pique CB Spain
96%
10 Lionel Messi CF Argentina
94%
9 Luis Suarez ST Uruguay
93%
6 Denis Suarez CM Spain
92%
18 Jordi Alba LB Spain
92%
5 Sergio Busquets CDM Spain
91%
4 Ivan Rakitic CM Croatia
90%
11 Ousmane Dembele RW France
89%
23 Samuel Umtiti CB France
88%
20 Sergi Roberto RB Spain
87%
21 Arturo Vidal CDM Chile
85%
15 Clement Lenglet CB France
81%
2 Nelson Semedo RB Portugal
81%
7 Philippe Coutinho LW Brazil
78%
13 Jasper Cillessen GK Netherlands
73%
8 Arthur CM Brazil
63%
14 Malcom RW Brazil
60%
24 Thomas Vermaelen CB Belgium
58%
12 Rafinha CAM Brazil
55%
19 Kevin-Prince Boateng CM Ghana
39%
17 Jeison Murillo CB Colombia
34%
22 Carles Alena CM Spain
31%
16 Sergi Samper CDM Spain
13%
No matching quizzes found
Score Distribution
Percent of People with Each Score
Percentile by Number Answered
Your Score History
You have not taken this quiz